Mejoramiento del factor de potencia del ramal trifásico La Palma del circuito de distribución Fortuna de Coopelesca R.L
Gespeichert in:
| 1. Verfasser: | |
|---|---|
| Weitere Verfasser: | |
| Format: | Buch |
| Sprache: | Spanish |
| Veröffentlicht: |
[San José], Costa Rica
2014
|
| Schlagworte: | |
| Tags: |
Tag hinzufügen
Keine Tags, Fügen Sie den ersten Tag hinzu!
|
MARC
| LEADER | 00000nam a22000007a 4500 | ||
|---|---|---|---|
| 003 | 012025 | ||
| 005 | 20230627144530.0 | ||
| 008 | 150220b2014 c a|||| |||| 00| ||spa d | ||
| 040 | |c cru CEDI | ||
| 100 | |9 801 |a Gutiérrez Alfaro, Ismael, 1986- | ||
| 245 | |a Mejoramiento del factor de potencia del ramal trifásico La Palma del circuito de distribución Fortuna de Coopelesca R.L | ||
| 260 | |a [San José], Costa Rica |c 2014 | ||
| 500 | |a Proyecto de graduación (bachillerato en ingeniería eléctrica)-- Universidad de Costa Rica. Facultad de Ingeniería. Escuela de Ingeniería Eléctrica | ||
| 501 | |a Profesor Guía de IE-0499 Proyecto Eléctrico: Ing. Tony Eduardo Delgado Carvajal | ||
| 610 | 0 | |9 800 |a COOPERATIVA DE ELECTRIFICACION RURAL DE SAN CARLOS (ALAJUELA, COSTA RICA) | |
| 650 | |x CIRCUITOS ELECTRICOS |x DISTRIBUCION DE ENERGIA ELECTRICA |x LINEAS ELECTRICAS |x BANCOS DE CONDENSADORES |x CONTROL DE SISTEMAS DE ENERGIA ELECTRICA |x TEORIA DEL POTENCIAL |x DEMANDA DE ENERGIA ELECTRICA |9 206 | ||
| 700 | |9 723 |a Delgado Carvajal, Tony Eduardo, 1986- |d Director de Proyecto Eléctrico | ||
| 942 | |c CEDI |h TFG 7191 |6 TFG_7191_000000000000000 | ||
| 999 | |c 13588 |d 13588 | ||
